| 000 | 01047cam a2200253 4500 | ||
|---|---|---|---|
| 001 | 788105 | ||
| 005 | 20250521113000.0 | ||
| 008 | 690801m19699999mnuk 001 0 eng | ||
| 050 | 0 | 0 |
_aKF8840 _b.W68 |
| 082 | 0 | 0 |
_a347.73/5 _a347.3075 _219 |
| 100 | 1 | _aWright, Charles Alan. | |
| 245 | 1 | 0 |
_aFederal practice and procedure. _bFederal rules of criminal procedure |
| 260 |
_aSt. Paul, _bWest Group, _cc1969- |
||
| 300 |
_axxi,845p; _bforms. _c27 cm. |
||
| 500 | _aSome vols. co-authored with A.R. Miller, E.H. Cooper, and others. | ||
| 500 | _aPublisher: West Pub. (1969-1998). | ||
| 500 | _aIncludes v. 20: Federal practice deskbook, v. 31 (interim ed.): Federal Rules of Evidence, rules 801 to 1103 (end) and unnumbered General index and tables volumes. | ||
| 500 | _aDescription based on: v. 10, t.p., 1998. | ||
| 650 | 0 |
_aCriminal procedure _zUnited States. |
|
| 650 | 0 |
_aCivil procedure _zUnited States. |
|
| 700 | 1 |
_aMiller, Arthur R. _q(Arthur Raphael), _d1934- |
|
| 700 | 1 |
_aCooper, Edward H. _q(Edward Hayes), _d1941- |
|
| 942 |
_2lcc _cBK _n0 |
||
| 999 |
_c5885 _d5885 |
||